| 000 | 00693nam a2200205Ia 4500 | ||
|---|---|---|---|
| 003 | GCL | ||
| 008 | 140319s9999 xx 000 0 ara d | ||
| 040 |
_aGCL / _cGCL |
||
| 082 | 0 | 4 |
_a371.9044 _bأ ب |
| 100 | 1 | _aامال احمد مختار صادق | |
| 245 | 1 | 0 |
_aبحوث ودراسات فى سيكلوجية الموسيقى والتربية الموسيقية . / _cامال احمد مختار صادق |
| 260 |
_a[S.N] : _bمكتبة الانجلوالمصرية ، _c1994 |
||
| 300 | _a680 ص | ||
| 490 | _a | ||
| 650 | 0 | 4 | _aالتربية |
| 650 | 0 | 4 | _aالتذوق الموسيقى |
| 650 | 0 | 4 | _aالتأليف الموسيقى |
| 650 | 0 | 4 | _aالابداع |
| 942 |
_2ddc _cBK |
||
| 999 |
_c37294 _d37294 |
||